Statistics for The official name of the countries of Europe

Click here to take the quiz!

General Stats

  • This quiz has been taken 10 times
  • The average score is 22 of 46

Answer Stats

CountryOfficial name% Correct
DenmarkKingdom of Denmark
78%
NorwayKingdom of Norway
78%
BelgiumKingdom of Belgium
78%
SwedenKingdom of Sweden
78%
Czech RepublicCzech Republic
78%
SpainKingdom of Spain
67%
IrelandRepublic of Ireland
67%
AustriaRepublic of Austria
67%
PolandRepublic of Poland
56%
GermanyFederal Republic of Germany
56%
SerbiaRepublic of Serbia
56%
AlbaniaRepublic of Albania
56%
FinlandRepublic of Finland
56%
LiechtensteinPrincipality of Liechtenstein
56%
SwitzerlandSwiss Confederation
56%
BelarusRepublic of Belarus
56%
MonacoPrincipality of Monaco
56%
SloveniaRepublic of Slovenia
44%
RomaniaRomania
44%
UkraineUkraine
44%
United KingdomUnited Kingdom of Great Britain and Northern Ireland
44%
LithuaniaRepublic of Lithuania
44%
LatviaRepublic of Latvia
44%
ArmeniaRepublic of Armenia
44%
BulgariaRepublic of Bulgaria
44%
CroatiaRepublic of Croatia
44%
EstoniaRepublic of Estonia
44%
FranceFrench Republic
44%
HungaryHungary
44%
RussiaRussian Federation
33%
Bosnia and HerzegovinaBosnia and Herzegovina
33%
SlovakiaSlovak Republic
33%
GeorgiaGeorgia
33%
San MarinoRepublic of San Marino
33%
Vatican CityVatican City State
33%
AndorraPrincipality of Andorra
33%
PortugalPortuguese Republic
33%
IcelandIceland
33%
MontenegroMontenegro
33%
ItalyItalian Republic
33%
MoldovaRepublic of Moldova
33%
MaltaRepublic of Malta
33%
MacedoniaRepublic of Macedonia
33%
LuxembourgGrand Duchy of Luxembourg
33%
NetherlandsNetherlands
22%
GreeceHellenic Republic
22%

Score Distribution

Percentile by Number Answered

Percent of People with Each Score

Your Score History

You have not taken this quiz